Shining in the sun /

Alec Goodchilde has everything a man could want--except the freedom to be himself. Once a year, he motors down to an exclusive yacht club on the Cornish coast and takes the summer off from the trap that is his life. When his car breaks down, leaving him stranded on the beach, he's transfixed by...

Full description

Saved in:
Bibliographic Details
Main Author: Beecroft, Alex.
Format: Book
Language:English
Published: Macon, GA : Samhain Pub., c2011.
Subjects:
Tags: Add Tag
No Tags, Be the first to tag this record!
LEADER 01706cam a2200289Ka 4500
001 014247302-2
005 20141208123101.0
008 101113s2011 gau 000 f eng d
020 |a 9781609280987 (pbk.) :  |c $15.00 
020 |a 1609280989 (pbk.) :  |c $15.00 
035 0 |a ocn681500998 
040 |a BTCTA  |b eng  |c BTCTA  |d SVP  |d BDX  |d JBO  |d OCLCF  |d OCLCO 
082 4 |a [Fic] 
100 1 |a Beecroft, Alex. 
245 1 0 |a Shining in the sun /  |c Alex Beecroft. 
260 |a Macon, GA :  |b Samhain Pub.,  |c c2011. 
300 |a 245 p. ;  |c 22 cm. 
520 |a Alec Goodchilde has everything a man could want--except the freedom to be himself. Once a year, he motors down to an exclusive yacht club on the Cornish coast and takes the summer off from the trap that is his life. When his car breaks down, leaving him stranded on the beach, he's transfixed by the sight of a surfer dancing on the waves. The man is summer made flesh. Freedom wrapped up in one lithe package, dripping wet from the sea. Once a year Darren Stokes takes a break from his life of grinding overwork and appalling relatives, financing his holiday by picking up the first rich man to show an interest. This year, though, he's cautious--last summer's meal ticket turned out to be more pain than pleasure. Even though Alec is so deep in the closet he doesn't even admit he's gay, Darren finds himself falling hard--until their idyllic night together is shattered by the blinding light of reality. 
650 0 |a Gay men  |v Fiction. 
650 0 |a Vacations  |v Fiction. 
650 7 |a Gay men.  |2 fast 
650 7 |a Vacations.  |2 fast 
655 7 |a Erotic fiction.  |2 gsafd 
655 7 |a Fiction.  |2 fast 
899 |a 415_565857 
988 |a 20141208 
906 |0 OCLC